The Test of My Life (Record no. 325912)

000 -LEADER
fixed length control field 00233 a2200097 4500
001 - CONTROL NUMBER
control field 90839
082 ## - DEWEY DECIMAL CLASSIFICATION NUMBER
Classification number 796.358092 YUV
090 ## - LOCALLY ASSIGNED LC-TYPE CALL NUMBER (OCLC); LOCAL CALL NUMBER (RLIN)
-- 43013
-- 43013
100 ## - MAIN ENTRY--PERSONAL NAME
Personal name Yuvraj Singh
245 ## - TITLE STATEMENT
Title The Test of My Life
Statement of responsibility, etc. Yuvraj Singh
Medium English
942 ## - ADDED ENTRY ELEMENTS (KOHA)
Institution code [OBSOLETE] CAE NUST
Call number prefix 796.358092 YUV
Holdings
Withdrawn status Lost status Damaged status Not for loan Collection code Permanent Location Current Location Date acquired Total Checkouts Full call number Barcode Date last seen Price effective from Koha item type
          College of Aeronautical Engineering (CAE) College of Aeronautical Engineering (CAE) 04/03/2017   796.358092 YUV CAE86140 04/05/2017 04/05/2017 Book
© 2023 Central Library, National University of Sciences and Technology. All Rights Reserved.